| 000 | 00877cab a2200253 4500 | ||
|---|---|---|---|
| 001 | WB3515-15 | ||
| 008 | 090401t1999 xxu||||| |||| 00| 0 eng d | ||
| 035 | _a(Sirsi) u92943 | ||
| 041 | _aeng | ||
| 245 | _aCouncils get new vision of future | ||
| 260 | _c1999 | ||
| 350 | _a0 | ||
| 490 |
_aHousing Today _v(130) 22 April 1999, 1(1) |
||
| 520 | _aA joint paper by the Chartered Institute of Housing and the Local Government Association puts forward five models for the reorganisation of housing departments. The paper urges government to use £200m set aside to fund innovation to pilot the five structures. | ||
| 650 | _aCIH | ||
| 650 | _aHOUSING DEPARTMENTS | ||
| 650 | _aLOCAL AUTHORITIES | ||
| 650 | _aLOCAL GOVERNMENT ASSOCIATION | ||
| 650 | _aMODELS | ||
| 650 | _aREORGANISATION | ||
| 690 |
_aBlock management _96220 |
||
| 942 | _n0 | ||
| 948 | _c23/04/1999 | ||
| 999 |
_c58900 _d58900 |
||